Madden 99 Club - Statistics

General Stats
  • This quiz has been taken 607 times
  • The average score is 28 of 56
Answer Stats
Year Team Position Answer % Correct
2000 Lions RB Barry Sanders
88%
2000 Cowboys CB Deion Sanders
87%
2009 Colts SS Bob Sanders
84%
2009, 2012, 2018, 2019 Patriots QB Tom Brady
84%
2020 Chiefs QB Patrick Mahomes
81%
2013, 2014, 2015 Lions WR Calvin Johnson
77%
2013, 2016, 2019 Packers QB Aaron Rodgers
76%
2018, 2019, 2020 Rams DE Aaron Donald
75%
2016, 2017, 2019 Patriots TE Rob Gronkowski
75%
2019 Steelers WR Antonio Brown
73%
2011 Titans RB Chris Johnson
72%
2011, 2019 Saints QB Drew Brees
72%
2006, 2007, 2008, 2009, 2010, 2011 Colts QB Peyton Manning
70%
2014 Vikings RB Adrian Peterson
68%
2020 Panthers RB Christian McCaffrey
68%
2020 Texans WR Deandre Hopkins
68%
2002, 2003, 2004, 2005, 2006 Ravens MLB Ray Lewis
68%
2014, 2015, 2016, 2017 Texans DE JJ Watt
67%
2015 Seahawks CB Richard Sherman
67%
2020 Seahawks MLB Bobby Wagner
66%
2017, 2018, 2019 Broncos OLB Von Miller
62%
2010 Cardinal WR Larry Fitzgerald
61%
2006, 2009 Raiders, Patriots WR Randy Moss
61%
2004 49ers WR Terrell Owens
61%
2002 Chiefs TE Tony Gonzalez
61%
2019, 2020 Bears OLB Khalil Mack
58%
2008, 2009 Chargers RB LaDainian Tomlinson
58%
2007, 2008, 2010 Ravens FS Ed Reed
53%
2010, 2012 Steelers SS Troy Polamalu
53%
2011, 2012, 2013 Jets CB Darrelle Revis
51%
2017, 2019 Panthers MLB Luke Keuchly
51%
2004 Colts WR Marvin Harrison
51%
2007, 2009, 2012 Chargers TE Antonio Gates
49%
2004, 2006 Patriots K Adam Vinatieri
46%
2002, 2003 Rams RB Marshall Faulk
45%
2008 Bears MLB Brian Urlacher
42%
2003 Giants DE Michael Strahan
39%
2004 Eagles FS Brian Dawkins
38%
2011 Vikings DE Jared Allen
37%
2003 Cowboys OG Larry Allen
37%
2005, 2007, 2008 Broncos CB Champ Bailey
34%
2002, 2003 Buccaneers DT Warren Sapp
34%
2011 49ers MLB Patrick Willis
32%
2000 Buccaneers FB Mike Alstott
28%
2013 Cowboys OLB DeMarcus Ware
24%
2004 Buccaneers OLB Derrick Brooks
23%
2007 Seahawks OT Walter Jones
23%
2002, 2005, 2006 Ravens OT Jonathon Ogden
20%
2006 Eagles K David Akers
10%
2007 Chargers FB Lorenzo Neal
9%
2007 Raiders P Shane Lechler
9%
2010 Redskins DT Albert Haynesworth
8%
2010 Raiders CB Nnamdi Asomugha
8%
2000 Steelers C Dermontti Dawson
7%
2005 Colts K Mike Vanderjagt
6%
2000 Redskins P Matt Turk
0%
No matching quizzes found
Score Distribution
Percent of People with Each Score
Percentile by Number Answered
Your Score History
You have not taken this quiz